| Tag |
First Indicator |
Second Indicator |
Subfields |
| LEADER |
00000cam a22000001a 4500 |
| 001 |
in00003664580 |
| 005 |
20190408173734.0 |
| 006 |
m o d f |
| 007 |
cr bn mmmapmmp |
| 008 |
141124s1929 dcu o f000 0 eng d |
| 035 |
|
|
|a ebd191002730
|
| 040 |
|
|
|a UMI
|c UMI
|d UtOrBLW
|
| 086 |
0 |
|
|a T 27.12:188
|
| 099 |
|
|
|a T27.12-188
|
| 110 |
1 |
|
|a United States.
|b Department of Health, Education, and Welfare.
|0 http://id.loc.gov/authorities/names/n79006771
|
| 245 |
1 |
0 |
|a Studies in natural illumination in school rooms :
|b Part III. Effect of clouds on daylight illumination and on daylight ratios.
|
| 264 |
|
1 |
|a [Washington] :
|b GPO,
|c 1929.
|
| 300 |
|
|
|a 1 online resource (vi+128+illus. pages)
|
| 336 |
|
|
|a text
|b txt
|2 rdacontent
|
| 337 |
|
|
|a computer
|b c
|2 rdamedia
|
| 338 |
|
|
|a online resource
|b cr
|2 rdacarrier
|
| 533 |
|
|
|a Electronic reproduction.
|b [Bethesda, Md.] :
|c ProQuest,
|d 2014.
|e digital, PDF file.
|n ProQuest U.S. Executive Branch Documents
|n Mode of access: World Wide Web via ProQuest website.
|
| 588 |
|
|
|a Record is based on online resource; title from PDF title page (ProQuest, last viewed Nov. 2014). Reuse except for individual research requires license from ProQuest, LLC.
|
| 500 |
|
|
|a Electronic resource.
|
| 650 |
|
0 |
|a Weather.
|0 http://id.loc.gov/authorities/subjects/sh85145843
|
| 655 |
|
7 |
|a Electronic books.
|2 local
|
| 856 |
4 |
0 |
|u http://proxy.library.tamu.edu/login?url=http://congressional.proquest.com/congressional/docview/t66.d71.t27.12-188
|z Connect to the full text of this electronic document
|t 0
|
| 999 |
f |
f |
|s 8d704556-f9d4-3d22-ae85-77786e583f4b
|i feb75f2c-c5c0-3b3f-9e4d-8fa55f230124
|t 0
|
| 952 |
f |
f |
|a Texas A&M University
|b College Station
|c Electronic Resources
|d Available Online
|t 0
|h No information provided
|
| 998 |
f |
f |
|t 0
|l Available Online
|